000 00748nam a2200229 a 4500
001 BRCA_6628
005 20190320205532.0
008 061011s2007----mx-a######---#000-0#spa-#
041 _aspa
050 4 _bF56 2007
100 1 _aFlores Hernández, Leticia
_916602
245 1 0 _aPintura mexicana religiosa 1965-2000.
260 _aCiudad de México
_c2007
300 _avi, 193 p.
_bil.
_c28 cm.
500 _aDonación Dra. Elsa Barberena
502 _aTesis Maestría (Maestra en Historia del Arte) UNAM, Facultad de Filosofía y Letras
650 1 4 _aPintura religiosa
_y1963-2000
_zMéxico
_916603
650 1 4 _aPintura mexicana
_ySiglo XX
_916604
700 1 _aMorera y González, Jaime
_eDirector
_916605
902 _aDEB
942 _2lcc
_cTES
999 _c6312
_d6312